Strategic Human Resource Management. (Record no. 348690)
[ view plain ]
| 000 -LEADER | |
|---|---|
| fixed length control field | 00458 a2200169 4500 |
| 020 ## - INTERNATIONAL STANDARD BOOK NUMBER | |
| International Standard Book Number | 9788177582062 |
| 022 ## - INTERNATIONAL STANDARD SERIAL NUMBER | |
| International Standard Serial Number | 9788177582062 |
| 082 ## - DEWEY DECIMAL CLASSIFICATION NUMBER | |
| Classification number | 8616 |
| 090 ## - LOCALLY ASSIGNED LC-TYPE CALL NUMBER (OCLC); LOCAL CALL NUMBER (RLIN) | |
| -- | 6324 |
| -- | 6324 |
| 100 ## - MAIN ENTRY--PERSONAL NAME | |
| Personal name | Greer,Charles R. |
| 245 ## - TITLE STATEMENT | |
| Title | Strategic Human Resource Management. |
| Remainder of title | A general managerial approach. |
| Statement of responsibility, etc. | Charles R.Greer. |
| 250 ## - EDITION STATEMENT | |
| Edition statement | 2nd. |
| 260 ## - PUBLICATION, DISTRIBUTION, ETC. | |
| Place of publication, distribution, etc. | India. |
| Name of publisher, distributor, etc. | Pearson education. |
| Date of publication, distribution, etc. | 2001. |
| 300 ## - PHYSICAL DESCRIPTION | |
| Extent | 368p. |
| 500 ## - GENERAL NOTE | |
| General note | Paper Cover. |
| 942 ## - ADDED ENTRY ELEMENTS (KOHA) | |
| Institution code [OBSOLETE] | NBS |
| Koha item type | Book |
| Call number prefix | 658.3 GRE |
| Withdrawn status | Lost status | Damaged status | Not for loan | Permanent Location | Current Location | Date acquired | Total Checkouts | Full call number | Barcode | Date last seen | Price effective from | Koha item type | Source of classification or shelving scheme | Collection code | Shelving location | Date last checked out |
|---|---|---|---|---|---|---|---|---|---|---|---|---|---|---|---|---|
| Central Library (CL) | Central Library (CL) | 08/28/2013 | 658.3 GRE | NBS8616 | 08/28/2013 | 08/28/2013 | Book | |||||||||
| Central Library (CL) | Central Library (CL) | 12/05/2013 | 3 | 658.3 GRE 2006 | NBS9113 | 02/07/2023 | 12/05/2013 | Book | General Stacks | 04/12/2022 |
